000 01208nam a2200265Ia 4500
003 OSt
005 20220923211359.0
006 a|||||r|||| 00| 0
007 ta
008 220922b |||||||| |||| 00| 0 san d
020 _a9788188741472 (hbk)
_c300
024 _a281,175
037 _b709/1, 18/03/2014, Vidyanidhi Prakashan
_cTextual
040 _aARTS
_cARTS
_bsan
041 _2san
_asan
082 _aO15,1:g(P:75), 152Q1
100 _aदोतोलिया, सीताराम
245 0 _aकाव्य लक्षण मीमांसा
_b संस्कृत - अग्रेजी - हिन्दी भाषाविदां काव्य लक्षणानि
246 _aKāvya lakṣhaṇ mīmāansā: sanskṛut - agrejī - hindī bhāṣhāvidāan kāvya lakṣhaṇāni
260 _aजयपुर
_b राष्ट्रीय साहित्य केन्द्र
_c2011
300 _a158पृ0
_ccm.
650 _aसंस्कृत साहित्य
942 _hO15,1:g(P:75), 152Q1
_cTEXL
_2CC
999 _c298932
_d298932